| 000 | 00514nam a2200157Ia 4500 | ||
|---|---|---|---|
| 003 | GCL | ||
| 008 | 140319s9999 xx 000 0 eng d | ||
| 040 |
_aGCL / _cGCL |
||
| 082 | 0 | 4 |
_a658.8 _bS B |
| 100 | 1 | _aSCHEINBERGER, RICHORS J. | |
| 245 | 1 | 0 |
_aBUILDING A CHAIN OF CUSTOMERS: LINKING BUSINESS FUNCTIONS TO CREAT THE WORLD CLASS COMPANY / _cSCHEINBERGER, RICHORS J. |
| 260 |
_a[S.N] : _bTHE FREE PRESS ، _c1990 |
||
| 650 | 0 | 4 | _aORGANIZATIONAL EFFECTIVENESS |
| 650 | 0 | 4 | _aINDUSTRIAL MANAGEMENT |
| 942 |
_2ddc _cBK |
||
| 999 |
_c11570 _d11570 |
||